شرح نجم الدين القمولى على الكافية : (رقم التسجيلة. 76004)

تفاصيل مارك
000 -LEADER
fixed length control field 01368cam a2200265 a 4500
003 - CONTROL NUMBER IDENTIFIER
control field EG-GiCUC
005 - DATE AND TIME OF LATEST TRANSACTION
control field 20250223032503.0
008 - FIXED-LENGTH DATA ELEMENTS--GENERAL INFORMATION
fixed length control field 191219s1986 ua f m 000 0 ara d
040 ## - CATALOGING SOURCE
Original cataloging agency EG-GiCUC
Language of cataloging ara
Transcribing agency EG-GiCUC
041 0# - LANGUAGE CODE
Language code of text/sound track or separate title ara
049 ## - LOCAL HOLDINGS (OCLC)
Holding library اهداء
097 ## - Thesis Degree
Thesis Level دكتوراه
099 ## - LOCAL FREE-TEXT CALL NUMBER (OCLC)
Classification number Cai01.34.Ph.D.1986.فت.ش
100 0# - MAIN ENTRY--PERSONAL NAME
Personal name فتحية حسين عبدالغفور عطار
245 10 - TITLE STATEMENT
Title شرح نجم الدين القمولى على الكافية :
Remainder of title تحقيق و دراسة من أول الكتاب الى أول المنصوبات /
Statement of responsibility, etc. فتحية حسين عبدالغفور عطار ؛ إشراف على محمد أبوالمكارم
260 ## - PUBLICATION, DISTRIBUTION, ETC.
Place of publication, distribution, etc. مكة المكرمة :
Name of publisher, distributor, etc. فتحية حسين عبدالغفور عطار :
Date of publication, distribution, etc. [1986]
300 ## - PHYSICAL DESCRIPTION
Extent 645ورقة ؛
Dimensions 30سم
500 ## - GENERAL NOTE
General note إهداء من مكتبة الأستاذ الدكتور على أبوالمكارم
502 ## - DISSERTATION NOTE
Dissertation note اطروحة (دكتوراه) - المملكة العربية السعودية - وزارة التعليم العالى - جامعة أم القرى - كلية اللغة العربية - قسم الدراسات العليا للتربية - فرع النحو
700 0# - ADDED ENTRY--PERSONAL NAME
Personal name على محمد أبوالمكارم :
Relator term
856 ## - ELECTRONIC LOCATION AND ACCESS
Uniform Resource Identifier <a href="http://172.23.153.220/th.pdf">http://172.23.153.220/th.pdf</a>
905 ## - LOCAL DATA ELEMENT E, LDE (RLIN)
Cataloger Nazla
Reviser Revisor
905 ## - LOCAL DATA ELEMENT E, LDE (RLIN)
Cataloger Samia
Reviser Cataloger
942 ## - ADDED ENTRY ELEMENTS (KOHA)
Source of classification or shelving scheme Dewey Decimal Classification
Koha item type Thesis
المقتنيات
Source of classification or shelving scheme Not for loan Home library Current library Date acquired Full call number Barcode Date last seen Copy number Koha item type
Dewey Decimal Classification   المكتبة المركزبة الجديدة - جامعة القاهرة قاعة المكتبات المهداة - الدور الرابع 11.02.2024 Cai01.34.Ph.D.1986.فت.ش 01010100026785000 23.06.2024 Cai01.34.Ph.D.1986.فت.ش A.M Thesis
Cairo University Libraries Portal Implemented & Customized by: Eng. M. Mohamady Contacts: new-lib@cl.cu.edu.eg | cnul@cl.cu.edu.eg
CUCL logo CNUL logo
© All rights reserved — Cairo University Libraries
CUCL logo
Implemented & Customized by: Eng. M. Mohamady Contact: new-lib@cl.cu.edu.eg © All rights reserved — New Central Library
CNUL logo
Implemented & Customized by: Eng. M. Mohamady Contact: cnul@cl.cu.edu.eg © All rights reserved — Cairo National University Library